00438nam a2200145Ia 4500008004100000020001800041100002500059245002900084260001200113500002400125650003500149942000700184952008400191999001700275230524s9999 xx 000 0 und d a9789380349305 aPreeti Shenoy936649 0aLife is What you Make it bSrishti aQuantity Number: 1 aPersonality Development936650 cBK 00104070aTATCLbTATCLcGENd2023-05-24l0p44987r2023-05-24w2023-05-24yBK c50683d50683